Statistics for Click Every Chemical Symbol

Click here to take the quiz!

General Stats

  • This quiz has been taken 9,956 times
  • The average score is 84 of 118

Answer Stats

HintAnswer% Correct
AluminiumAl
84%
LithiumLi
84%
OxygenO
84%
UraniumU
84%
XenonXe
84%
GermaniumGe
83%
HydrogenH
83%
MagnesiumMg
83%
VanadiumV
83%
YttriumY
83%
ZincZn
83%
AmericiumAm
82%
BariumBa
82%
BerylliumBe
82%
BromineBr
82%
ChlorineCl
82%
CobaltCo
82%
DubniumDb
82%
ErbiumEr
82%
EinsteiniumEs
82%
GalliumGa
82%
HeliumHe
82%
HafniumHf
82%
IodineI
82%
IndiumIn
82%
IridiumIr
82%
LanthanumLa
82%
LutetiumLu
82%
OsmiumOs
82%
RadiumRa
82%
RhodiumRh
82%
ScandiumSc
82%
TitaniumTi
82%
ZirconiumZr
82%
BismuthBi
81%
CarbonC
81%
CalciumCa
81%
EuropiumEu
81%
FranciumFr
81%
HolmiumHo
81%
NeonNe
81%
OganessonOg
81%
PoloniumPo
81%
DarmstadtiumDs
80%
KryptonKr
80%
NickelNi
80%
SulfurS
80%
SeleniumSe
80%
SamariumSm
80%
ActiniumAc
79%
DysprosiumDy
79%
HassiumHs
79%
NitrogenN
79%
ThoriumTh
79%
ArgonAr
78%
BoronB
78%
GoldAu
77%
IronFe
77%
SiliconSi
77%
BohriumBh
76%
MeitneriumMt
76%
CeriumCe
75%
PhosphorusP
75%
RutheniumRu
75%
SilverAg
74%
FleroviumFl
74%
PotassiumK
74%
ManganeseMn
74%
CadmiumCd
73%
MolybdenumMo
73%
SodiumNa
73%
BerkeliumBk
72%
CopperCu
72%
MendeleviumMd
72%
YtterbiumYb
72%
GadoliniumGd
71%
StrontiumSr
71%
TantalumTa
71%
NihoniumNh
70%
LeadPb
70%
ChromiumCr
69%
LivermoriumLv
69%
PraseodymiumPr
68%
PlatinumPt
67%
NeptuniumNp
66%
NeodymiumNd
65%
RoentgeniumRg
65%
FermiumFm
64%
ArsenicAs
63%
LawrenciumLr
62%
TelluriumTe
62%
NiobiumNb
61%
NobeliumNo
61%
RubidiumRb
61%
CaliforniumCf
60%
FluorineF
59%
MercuryHg
57%
TechnetiumTc
56%
RutherfordiumRf
55%
TerbiumTb
54%
MoscoviumMc
53%
AstatineAt
52%
CaesiumCs
52%
TinSn
52%
TungstenW
52%
PlutoniumPu
51%
RadonRn
51%
TennessineTs
51%
CuriumCm
48%
CoperniciumCn
47%
PromethiumPm
47%
RheniumRe
39%
PalladiumPd
37%
ThuliumTm
37%
SeaborgiumSg
35%
ThalliumTl
34%
AntimonySb
31%
ProtactiniumPa
19%

Score Distribution

Percentile by Number Answered

Percent of People with Each Score

Your Score History

You have not taken this quiz